Hard looks: masculinities, spectatorship and contemporary consumption

Salvato in:
Dettagli Bibliografici
Autore principale: Nixon, Sean
Ente Autore: University of Essex
Natura: testo
Pubblicazione: Londres: UCL Press
Soggetti:
Tags: Aggiungi Tag
Nessun Tag, puoi essere il primo ad aggiungerne!!

MARC

LEADER 00000 a a2200000 04500
001 28631
003
040 |a CRAI/IIS  |c CRAI/IIS 
020 |a 1-85728-556-5  
090 |a 189300  
100 |a Nixon, Sean  
110 |a University of Essex  
245 |a Hard looks: masculinities, spectatorship and contemporary consumption  
260 |a Londres:   |b UCL Press  
300 |a 241p   |b il.  
650 |a MASCULINIDAD  
650 |a ROL MASCULINO  
650 |a GENERO  
650 |a CONSUMIDORES  
650 |a ACTITUDES  
650 |a MERCADOTECNIA  
650 |a MEDIANA EDAD  
999 |c 17665  |d 17665